01639nam a2200277 a 4500001000800000005001700008008004100025010001700066020001500083035002100098040002400119042001400143043001200157082001900169100002800188245021500216260008800431300004100519500012200560504005400682505049100736650004101227700003501268700002101303710003701324118409320220326193306.0970410s1997 txua bc 000 0 eng d a 97071055  a0935213074 a(OCoLC)37328106  aNmUcNmUdPPiCdDLC alccopycat as------00a741.598bR175r aRamírez, Mari Carmen,00aRe-aligning vision :balternative currents in South American drawing /cedited with an introduction by Mari Carmen Ramírez ; curators, Edith A. Gibson and Mari Carmen Ramírez ; [translator, Albert G. Bork]. a[Austin] :bArcher M. Huntington Art Gallery, University of Texas at Austin,c1997. a238 p. :bill. (some col.) ;c27 cm. a"Catalogue published in conjunction with the traveling exhibition sponsored by the Archer M. Huntington Art Gallery." aIncludes bibliographical references (p. 212-219). tOn Drawing rMario de Andrade tTwo Vulnerables decades in latin american art, 1950-1970 (1973)rMarta Traba tThe newest colombians : an examplary anthology (1974)rMarta Traba tDrawing Venezuela (1978)rMarta Traba tRecent latin american drawings (1969-1976)rBarbara Duncan tRecent latin american drawings (1969-1976)rDamian Bayon tMy Approaches to drawing (1978)rLuis Felipe Noe tDrawing today (1981)rJuan Calzadilla tAprproach to a Written Drawing (1996)rJuan Calzadilla  0aDrawingzSouth AmericaxExhibitions.1 aRamírez, Mari Carmen,d1955-1 aGibson, Edith A.2 aArcher M. Huntington Art Gallery